Point A to B: U.S. States Edition - Statistics

General Stats
  • This quiz has been taken 33 times
  • The average score is 50 of 70
Answer Stats
City A City B States % Correct
New York City Los Angeles New York
96%
Chicago Houston Illinois
88%
Chicago Houston Missouri
88%
New York City Los Angeles New Jersey
88%
Chicago Houston Texas
88%
New York City Los Angeles Arizona
85%
Chicago Houston Arkansas
85%
New York City Los Angeles California
85%
New York City Los Angeles Illinois
85%
New York City Los Angeles Indiana
85%
New York City Los Angeles Missouri
85%
New York City Los Angeles New Mexico
85%
New York City Los Angeles Ohio
85%
New York City Los Angeles Oklahoma
85%
New York City Los Angeles Pennsylvania
85%
Dallas San Jose Texas
85%
Austin Jacksonville Alabama
81%
Phoenix Philadelphia Arizona
81%
San Antonio San Diego Arizona
81%
San Antonio San Diego California
81%
Austin Jacksonville Florida
81%
Austin Jacksonville Louisiana
81%
Austin Jacksonville Mississippi
81%
Phoenix Philadelphia New Mexico
81%
San Antonio San Diego New Mexico
81%
Dallas San Jose New Mexico
81%
Phoenix Philadelphia Oklahoma
81%
New York City Los Angeles Texas
81%
Phoenix Philadelphia Texas
81%
San Antonio San Diego Texas
81%
Austin Jacksonville Texas
81%
New York City Los Angeles West Virginia
81%
Dallas San Jose Arizona
77%
Dallas San Jose California
77%
Phoenix Philadelphia Missouri
77%
Phoenix Philadelphia Pennsylvania
77%
Fort Worth Columbus Arkansas
73%
Phoenix Philadelphia Illinois
73%
Phoenix Philadelphia Indiana
73%
Charlotte San Francisco North Carolina
73%
Phoenix Philadelphia Ohio
73%
Fort Worth Columbus Texas
73%
Charlotte San Francisco California
69%
Fort Worth Columbus Ohio
69%
Charlotte San Francisco Tennessee
69%
Phoenix Philadelphia West Virginia
69%
Charlotte San Francisco Arkansas
65%
Indianapolis Seattle Illinois
65%
Indianapolis Seattle Indiana
65%
Fort Worth Columbus Kentucky
65%
Fort Worth Columbus Tennessee
65%
Charlotte San Francisco Arizona
62%
Denver Washington D.C. Colorado
62%
Charlotte San Francisco New Mexico
62%
Charlotte San Francisco Oklahoma
62%
Charlotte San Francisco Texas
62%
Indianapolis Seattle Iowa
58%
Denver Washington D.C. Kansas
54%
Indianapolis Seattle South Dakota
54%
Indianapolis Seattle Washington
54%
Indianapolis Seattle Idaho
50%
Denver Washington D.C. Missouri
50%
Indianapolis Seattle Montana
50%
Denver Washington D.C. Illinois
46%
Denver Washington D.C. Indiana
46%
Denver Washington D.C. Maryland
46%
Denver Washington D.C. Ohio
46%
Indianapolis Seattle Wyoming
46%
Denver Washington D.C. West Virginia
42%
Denver Washington D.C. Pennsylvania
38%
No matching quizzes found
Score Distribution
Percent of People with Each Score
Percentile by Number Answered
Your Score History
You have not taken this quiz